Famous First Name Match Quiz Stats

Quiz Updated Aug 18, 2015

Also try: Click a John
Challenge
Share
Tweet
Embed
Score 0/55 Timer 05:00
4 Plays Today
% Correct
Charlie
93.5%
John
93.1%
Donald
92.8%
David
92.7%
Adam
92.7%
Steve
91.4%
Tom
91.3%
Matthew
90.8%
Billy
90.8%
Jack
90.2%
Ernest
89%
Mel
88.9%
Eric
88.7%
Hugh
88.3%
Clark
87.6%
Dennis
87.6%
Clint
87.6%
Christopher
85.5%
Chuck
85.2%
Harry
84.7%
Joseph
84.5%
Mickey
83.7%
Roger
83.6%
Ricky
82.3%
Anthony
82.2%
Howard
81.5%
Jason
81.4%
Larry
80.8%
% Correct
Warren
80.6%
Burt
80.3%
Gary
79.4%
Boris
79.2%
Tim
78.4%
Mark
76.2%
Paul
73.9%
Pete
73.3%
Aaron
71.9%
Phil
71.8%
Terry
71.4%
Andrew
69.3%
Bart
69.1%
Oliver
68.6%
Scott
68.3%
James
67.8%
Bobby
66.8%
Ty
66.6%
Allen
65.6%
Dean
64.1%
Douglas
62.1%
Blake
61.9%
Joel
59.3%
Irving
53.8%
Hal
48.5%
William
45.5%
Nicholas
44.8%

You're not logged in!

Compare scores with friends on all Sporcle quizzes.
Join for Free
OR
Log In

You Might Also Like...

Show Comments

Extras

Top Quizzes Today


Score Distribution

Your Account Isn't Verified!

In order to create a playlist on Sporcle, you need to verify the email address you used during registration. Go to your Sporcle Settings to finish the process.

Report this User

Report this user for behavior that violates our Community Guidelines.

Details: